Fast Math - Averaging Numbers - Statistics

General Stats
  • This quiz has been taken 102 times
    99 since last reset
  • The average score is 20 of 20
Answer Stats
Numbers Average % Correct
-1 and 3 1
100%
8 and 12 10
100%
2 and 20 11
100%
9 and 13 11
100%
12 and 14 13
100%
-2 and 30 14
100%
10 and 18 14
100%
0 and 30 15
100%
5 and 25 15
100%
12 and 18 15
100%
11 and 21 16
100%
3 and 31 17
100%
2 and 34 18
100%
9 and 27 18
100%
11 and 25 18
100%
1 and 3 2
100%
4 and 36 20
100%
11 and 29 20
100%
6 and 38 22
100%
10 and 36 23
100%
14 and 32 23
100%
7 and 41 24
100%
21 and 27 24
100%
7 and 43 25
100%
17 and 35 26
100%
19 and 33 26
100%
15 and 39 27
100%
1 and 55 28
100%
0 and 6 3
100%
-2 and 8 3
100%
13 and 47 30
100%
19 and 41 30
100%
0 and 64 32
100%
27 and 39 33
100%
31 and 37 34
100%
23 and 47 35
100%
30 and 40 35
100%
35 and 37 36
100%
21 and 53 37
100%
36 and 42 39
100%
-1 and 9 4
100%
-6 and 14 4
100%
26 and 54 40
100%
35 and 51 43
100%
5 and 87 46
100%
46 and 50 48
100%
14 and 84 49
100%
-3 and 13 5
100%
31 and 75 53
100%
46 and 62 54
100%
1 and 11 6
100%
-1 and 15 7
100%
4 and 10 7
100%
5 and 11 8
100%
5 and 13 9
100%
5 and 19 12
96%
6 and 32 19
96%
5 and 49 27
96%
20 and 38 29
96%
3 and 17 10
95%
1 and 23 12
95%
8 and 26 17
95%
15 and 19 17
95%
9 and 29 19
95%
19 and 23 21
95%
0 and 44 22
95%
19 and 27 23
95%
23 and 27 25
95%
24 and 30 27
95%
4 and 60 32
95%
32 and 44 38
95%
3 and 29 16
94%
16 and 40 28
94%
2 and 56 29
94%
11 and 55 33
94%
17 and 55 36
94%
18 and 56 37
94%
21 and 63 42
94%
2 and 14 8
94%
7 and 13 10
93%
4 and 22 13
93%
15 and 27 21
93%
26 and 50 38
93%
32 and 68 50
93%
29 and 33 31
92%
2 and 8 5
92%
-3 and 7 1
91%
19 and 29 24
91%
-7 and 59 26
89%
2 and 36 19
88%
No matching quizzes found
Score Distribution
Percent of People with Each Score
Percentile by Number Answered
Your Score History
You have not taken this quiz since the last reset